| 000 | 00532nam a22001697a 4500 | ||
|---|---|---|---|
| 005 | 20251108164354.0 | ||
| 008 | 250721s1986 xx 000 0 ara d | ||
| 082 | 1 | 4 | _a411.7/امي |
| 100 | 1 | _aيعقوب، إميل | |
| 245 | 1 | 0 |
_aالخط العربي : _bنشأته - تطوره - مشكلاته - دعوات إصلاحه / |
| 264 | 1 |
_aطرابلس لبنان : _bجروس برس، _c1986. |
|
| 300 | _a158ص | ||
| 650 | 1 | 7 | _aاللغة العربية |
| 650 | 1 | 7 | _aالخط العربي |
| 942 |
_2ddc _cBK |
||
| 999 |
_c10536 _d10536 |
||